000 00262nam a2200121#a 4500
001 01442
003 HDC
007 ta
008 230623s2023 xx 000 0 eng d
040 _aHDC
245 0 _aTv new clips and radio [GMD] :
_bHDC and Colgate.
942 _2lcc
999 _c23008
_d23008